Predicting the evolution and effects of the Asia crisis from the OECD perspective
Na minha lista:
| Autor principal: | |
|---|---|
| Outros Autores: | , |
| Formato: | Livro |
| Idioma: | inglês |
| Publicado em: |
Paris
OECD
2000
|
| Colecção: | Economics department working papers
No. 236 |
| Assuntos: | |
| Tags: |
Sem tags, seja o primeiro a adicionar uma tag!
|
MARC
| LEADER | 00000nam a2200000 4500 | ||
|---|---|---|---|
| 001 | c122665 | ||
| 005 | 20221221084642.8 | ||
| 041 | 0 | |a eng | |
| 044 | |a FR | ||
| 245 | 1 | 0 | |a Predicting the evolution and effects of the Asia crisis from the OECD perspective |c by Pete Richardson, Ignazio Visco and Claude Giorno |
| 264 | 1 | |a Paris |b OECD |c 2000 | |
| 300 | |a 23 s. | ||
| 490 | 1 | |a Economics department working papers |v No. 236 | |
| 830 | 0 | |a Economics department working papers |v No. 236 | |
| 610 | 2 | 0 | |a kríza |
| 610 | 2 | 0 | |a vývoj hospodársky |
| 610 | 2 | 0 | |a prognózy |
| 610 | 2 | 0 | |a Ázia |
| 610 | 2 | 0 | |a OECD |
| 100 | 1 | |a Richardson, Pete | |
| 700 | 1 | |a Visco, Ignazio | |
| 700 | 1 | |a Giorno, Claude | |